000 00890nam a2200337 a 4500
003 AR-BaBNM
005 20251128205251.0
008 082120s2002 ||||||||||||||000 | spa||
020 _a950-557-185-2
040 _cAR-BaBNM
100 1 _aGuariglia, Osvaldo
245 0 0 _aIdeología, verdad y legitimación
250 _a1ª ed.
260 _aBuenos Aires
_bFondo de Cultura Económica
_c1993
300 _a365 p.
_btablas
490 0 _aObras de filosofía
500 _aindice analítico p. 355-363
504 _aContiene bibliografía para consultar p. 333-354
650 4 _aIDEOLOGIAS
650 4 _aFILOSOFIA
650 4 _aETICA
650 4 _aVERDAD
650 4 _aETICA
650 4 _aFILOSOFIA CULTURAL
650 4 _aSOCIOLOGIA
650 4 _aFILOSOFIA DE LA HISTORIA
650 4 _aCIENCIAS POLITICAS
650 4 _aSOCIEDAD
942 _cBK
998 _cmariana
999 _c10661
_d10661